[Event "ODEM U25 2010"]
[Site "Oberhof GER"]
[Date "2010.05.23"]
[Round "1"]
[White "Meiser, Michael"]
[Black "Geldner, Gerrit"]
[Result "1-0"]
[Termination "normal"]
[Board "27"]
[WhiteElo "1967"]
[BlackElo "1594"]
[PlyCount "87"]
[WhiteFideId "24659762"]
[BlackFideId "24678929"]
[EventCountry "GER"]
[EventRounds "9"]
[EventType "swiss"]
[EventDate "2010.05.22"]

1. e4 c5 2. Nc3 Nc6 3. Bb5 Nf6 4. d3 d5 5. Bxc6+ bxc6 6. e5 Nd7 7. f4 Nb6 8. b3
e6 9. Nf3 Be7 10. Ne2 O-O 11. O-O f6 12. c4 Bb7 13. Bb2 Nd7 14. Ng3 Qc7 15. Qd2
Rad8 16. exf6 Bxf6 17. Bxf6 Nxf6 18. Qe3 Qd6 19. Rfe1 Rde8 20. Ne5 dxc4 21.
dxc4 Qd4 22. Rad1 Qxe3+ 23. Rxe3 Rd8 24. Red3 Rxd3 25. Rxd3 a6 26. Rd6 Rc8 27.
Nd3 Rc7 28. Nxc5 Re7 29. Nxb7 Rxb7 30. Rxc6 Ra7 31. Rxe6 Kf7 32. Rb6 Nd7 33.
Rd6 Nc5 34. Kf2 a5 35. Rd5 Ne6 36. f5 Nf8 37. Ne4 Ke7 38. Nc5 Rc7 39. Ne6 Nxe6
40. fxe6 Ra7 41. Rd7+ Rxd7 42. exd7 Kxd7 43. Ke3 Kc6 44. Kd4 1-0

[Event "ODEM U25 2010"]
[Site "Oberhof GER"]
[Date "2010.05.23"]
[Round "1"]
[White "Alt, Elisabeth"]
[Black "Höpfner, Tim"]
[Result "0-1"]
[Termination "normal"]
[Board "30"]
[WhiteElo "1362"]
[BlackElo "1877"]
[PlyCount "64"]
[WhiteFideId "24692620"]
[BlackFideId "4638310"]
[EventCountry "GER"]
[EventRounds "9"]
[EventType "swiss"]
[EventDate "2010.05.22"]

1. e4 c5 2. d4 cxd4 3. c3 d5 4. exd5 Qxd5 5. Qxd4 Qxd4 6. cxd4 Nc6 7. Nf3 Nf6
8. Bc4 e6 9. O-O a6 10. Nc3 b5 11. Bb3 Na5 12. Bc2 Bb7 13. Bf4 Nc4 14. b3 Nb6
15. Bd3 Bb4 16. Rac1 Bxc3 17. Rxc3 Nfd5 18. Bd2 Nxc3 19. Bxc3 Bxf3 20. gxf3 Nd5
21. Bb2 f5 22. Re1 Kd7 23. Bb1 Rac8 24. Kf1 Nc3 25. Bxc3 Rxc3 26. Kg2 Kd6 27.
f4 Rhc8 28. Rd1 Rc1 29. Rxc1 Rxc1 30. Bd3 Ra1 31. Kf3 Rxa2 32. Ke3 Rb2 0-1

[Event "ODEM U25 2010"]
[Site "Oberhof GER"]
[Date "2010.05.23"]
[Round "1"]
[White "Weber, Yannik"]
[Black "Wang, Julia"]
[Result "1-0"]
[Termination "normal"]
[Board "32"]
[WhiteElo "1285"]
[BlackElo "1722"]
[PlyCount "117"]
[WhiteFideId "24692700"]
[BlackFideId "24692565"]
[EventCountry "GER"]
[EventRounds "9"]
[EventType "swiss"]
[EventDate "2010.05.22"]

1. d4 f5 2. c4 Nf6 3. Nf3 g6 4. Bf4 Bg7 5. e3 d6 6. Qb3 Nc6 7. h3 e6 8. Na3 a6
9. O-O-O Ne4 10. Qc2 Nb4 11. Qa4+ Qd7 12. Qxb4 Nxf2 13. Rg1 Nxd1 14. Kxd1 e5
15. Bh2 e4 16. Nd2 O-O 17. c5 a5 18. Qb3+ Kh8 19. cxd6 cxd6 20. Qd5 Qa4+ 21.
Kc1 Bd7 22. Be2 Rfc8+ 23. Kb1 Qb4 24. Rd1 Ba4 25. Bxd6 Rd8 26. Bxb4 Rxd5 27.
Bc4 Rxd4 28. b3 Rd7 29. Bc5 Bc6 30. Kc1 b5 31. Be6 Rb7 32. Nc2 Re8 33. Nd4 b4
34. Nxc6 Rc7 35. Bd5 Rec8 36. Nc4 Bh6 37. Bd4+ Bg7 38. Bxg7+ Kxg7 39. N6xa5 Ra7
40. Kb2 Rf8 41. Nc6 Rd7 42. Nxb4 f4 43. Re1 f3 44. gxf3 exf3 45. Ne5 f2 46. Rf1
Rd6 47. Ned3 Rdf6 48. Nf4 Kh6 49. h4 Re8 50. Nc2 Kg7 51. Rxf2 Re5 52. e4 h6 53.
Nd3 Rh5 54. Rxf6 Kxf6 55. e5+ Ke7 56. Nf4 Rf5 57. Nxg6+ Ke8 58. a4 Kd7 59. e6+
1-0

[Event "ODEM U25 2010"]
[Site "Oberhof GER"]
[Date "2010.05.23"]
[Round "1"]
[White "Mainik, Philipp"]
[Black "Bauch, Florian"]
[Result "1-0"]
[Termination "normal"]
[Board "33"]
[WhiteElo "1716"]
[BlackElo "1251"]
[PlyCount "41"]
[WhiteFideId "4638646"]
[EventCountry "GER"]
[EventRounds "9"]
[EventType "swiss"]
[EventDate "2010.05.22"]

1. e4 e5 2. Nf3 Nf6 3. Nxe5 d6 4. Nf3 Nxe4 5. d4 d5 6. Be2 Nc6 7. O-O Be7 8. h3
Qd6 9. Nbd2 Qg6 10. Kh1 O-O 11. c3 Bd6 12. Nxe4 dxe4 13. Nd2 Re8 14. Bc4 e3 15.
Re1 Bd7 16. Rxe3 Rxe3 17. fxe3 Re8 18. Nf1 Qe4 19. Bd3 Qh4 20. Qf3 Bg4 21. Qxg4
1-0

[Event "ODEM U25 2010"]
[Site "Oberhof GER"]
[Date "2010.05.23"]
[Round "1"]
[White "Heinz, Maria"]
[Black "Valet, Alexander"]
[Result "0-1"]
[Termination "normal"]
[Board "34"]
[WhiteElo "1203"]
[BlackElo "1901"]
[PlyCount "56"]
[BlackFideId "24682560"]
[EventCountry "GER"]
[EventRounds "9"]
[EventType "swiss"]
[EventDate "2010.05.22"]

1. e4 d5 2. exd5 Qxd5 3. Nc3 Qa5 4. d4 c6 5. Bc4 Bf5 6. Nge2 e6 7. Ng3 Bg6 8.
O-O Bd6 9. f4 Ne7 10. Qe2 Qc7 11. Nce4 O-O 12. Bd2 Nd7 13. Rae1 Nb6 14. Bb3
Nbd5 15. Nxd6 Qxd6 16. Kh1 Rfd8 17. c3 Rac8 18. Be3 Nxe3 19. Qxe3 c5 20. dxc5
Qxc5 21. Qxc5 Rxc5 22. Rd1 Rcc8 23. Rfe1 Nc6 24. Rc1 Rd2 25. Re2 Rcd8 26. Bc2
Bxc2 27. Rxd2 Rxd2 28. Nf1 Rd1 0-1

[Event "ODEM U25 2010"]
[Site "Oberhof GER"]
[Date "2010.05.23"]
[Round "1"]
[White "Kreyssig, Robert"]
[Black "Kirn, Philipp Sebastian"]
[Result "1-0"]
[Termination "normal"]
[Board "35"]
[WhiteElo "1880"]
[BlackElo "1099"]
[PlyCount "79"]
[WhiteFideId "4662881"]
[EventCountry "GER"]
[EventRounds "9"]
[EventType "swiss"]
[EventDate "2010.05.22"]

1. f4 d5 2. b3 Nf6 3. Bb2 Bf5 4. Nf3 e6 5. e3 Bd6 6. Be2 Nc6 7. O-O Nb4 8. Nd4
Bg6 9. a3 Nc6 10. Bb5 Qd7 11. d3 a6 12. Bxc6 bxc6 13. Nd2 e5 14. Ne2 Ng4 15.
Rf3 e4 16. dxe4 dxe4 17. Rg3 f5 18. Nc4 Qe7 19. Qd4 Rg8 20. Na5 Bc5 21. Qc3 Qd6
22. Nd4 Rd8 23. Naxc6 Bxd4 24. exd4 Rd7 25. Ne5 Nxe5 26. fxe5 Qb6 27. Qe3 Rf8
28. Rf1 Rdf7 29. Qf4 Re7 30. c4 c6 31. Kh1 Qd8 32. h4 Rff7 33. Rg5 Rb7 34. b4
Rfd7 35. h5 Bf7 36. Rxf5 Qc7 37. Qxe4 Re7 38. d5 cxd5 39. cxd5 Qd7 40. e6 1-0

[Event "ODEM U25 2010"]
[Site "Oberhof GER"]
[Date "2010.05.23"]
[Round "2"]
[White "Ehlers, Michael"]
[Black "Figura, Atila Gajo"]
[Result "0-1"]
[Termination "normal"]
[Board "1"]
[BlackTitle "FM"]
[WhiteElo "1958"]
[BlackElo "2418"]
[PlyCount "102"]
[WhiteFideId "4674537"]
[BlackFideId "4688058"]
[EventCountry "GER"]
[EventRounds "9"]
[EventType "swiss"]
[EventDate "2010.05.22"]

1. e4 c5 2. Nf3 d6 3. d4 cxd4 4. Nxd4 Nf6 5. Nc3 a6 6. Be2 e5 7. Nb3 Be7 8. O-O
O-O 9. Be3 Be6 10. f3 Nbd7 11. Nd5 Bxd5 12. exd5 Ne8 13. f4 exf4 14. Bxf4 Bg5
15. Qd2 Bxf4 16. Rxf4 Ne5 17. Raf1 Rc8 18. Kh1 Qg5 19. c3 Rc7 20. Qd4 Re7 21.
Rf5 Qh6 22. Qf2 Ng6 23. Rf3 Qh4 24. Nd4 Qxf2 25. R3xf2 Re5 26. Bd3 Nf6 27. c4
Ng4 28. Rf3 Ne3 29. R1f2 Ng4 30. Rf1 Ree8 31. Nf5 Rd8 32. b3 N6e5 33. Rh3 g6
34. Ne3 h5 35. Be2 Rde8 36. Nxg4 hxg4 37. Re3 f5 38. Re1 Kg7 39. g3 Kf6 40. Kg2
g5 41. Bd1 Re7 42. Rf1 Rh8 43. Bxg4 Nxg4 44. Rxf5+ Kxf5 45. Rxe7 Rxh2+ 46. Kg1
Rxa2 47. Rxb7 Ne5 48. b4 Nf3+ 49. Kf1 Kg4 50. c5 Kxg3 51. Rd7 Rf2# 0-1

[Event "ODEM U25 2010"]
[Site "Oberhof GER"]
[Date "2010.05.23"]
[Round "2"]
[White "Müller, Reinhold"]
[Black "Weber, Max"]
[Result "1-0"]
[Termination "normal"]
[Board "2"]
[WhiteElo "2279"]
[BlackElo "1888"]
[PlyCount "57"]
[WhiteFideId "24605875"]
[BlackFideId "4624831"]
[EventCountry "GER"]
[EventRounds "9"]
[EventType "swiss"]
[EventDate "2010.05.22"]

1. d4 Nf6 2. c4 g6 3. Nc3 d5 4. Nf3 Bg7 5. Qb3 dxc4 6. Qxc4 O-O 7. e4 Na6 8.
Be2 c5 9. d5 e6 10. Bg5 exd5 11. exd5 Nb4 12. O-O b6 13. Qh4 Qd6 14. Nb5 Qe7
15. Bc4 Ba6 16. d6 Qd8 17. Rfd1 Bxb5 18. Bxb5 a6 19. Bf1 Re8 20. d7 Rf8 21. Rd6
Qc7 22. Rxf6 Nd5 23. Rd1 Nxf6 24. Bxf6 Bxf6 25. Qxf6 Qd8 26. Qf4 f6 27. Bc4+
Kg7 28. Qd6 Ra7 29. Be6 1-0

[Event "ODEM U25 2010"]
[Site "Oberhof GER"]
[Date "2010.05.23"]
[Round "2"]
[White "Lehmann, Ruben"]
[Black "Wurm, Alexander"]
[Result "1/2-1/2"]
[Termination "normal"]
[Board "3"]
[WhiteElo "1851"]
[BlackElo "2063"]
[PlyCount "90"]
[WhiteFideId "24671177"]
[BlackFideId "24637246"]
[EventCountry "GER"]
[EventRounds "9"]
[EventType "swiss"]
[EventDate "2010.05.22"]

1. d4 Nf6 2. c4 c5 3. d5 e6 4. Nc3 exd5 5. cxd5 d6 6. e4 g6 7. Bd3 Bg7 8. h3
O-O 9. Nf3 Na6 10. Bf4 Rb8 11. Nd2 Nc7 12. a4 a6 13. Nc4 Nfe8 14. Nb6 Na8 15.
Nxa8 Rxa8 16. O-O Rb8 17. Bh2 f5 18. exf5 Bxf5 19. Bxf5 Rxf5 20. Qe2 Nc7 21. g4
Rf8 22. Rae1 b5 23. axb5 axb5 24. Qe7 Bxc3 25. bxc3 Qxe7 26. Rxe7 Nxd5 27. Rd7
Rbd8 28. Rxd6 Nxc3 29. Kg2 c4 30. Rb6 Rd5 31. Re1 Nd1 32. Bg3 c3 33. Re2 Rc8
34. Rb7 Ne3+ 35. Rxe3 c2 36. Ree7 c1=Q 37. Rg7+ Kf8 38. Rbf7+ Ke8 39. Re7+ Kd8
40. Ref7 Qc6 41. Rf8+ Qe8 42. Bh4+ g5 43. Bxg5+ Rxg5 44. Rxe8+ Kxe8 45. Rxg5 b4
1/2-1/2

[Event "ODEM U25 2010"]
[Site "Oberhof GER"]
[Date "2010.05.23"]
[Round "2"]
[White "Gölz, Daniel"]
[Black "Adelhütte, Dennis"]
[Result "0-1"]
[Termination "normal"]
[Board "4"]
[WhiteElo "2095"]
[BlackElo "1923"]
[PlyCount "142"]
[WhiteFideId "24626325"]
[BlackFideId "4661265"]
[EventCountry "GER"]
[EventRounds "9"]
[EventType "swiss"]
[EventDate "2010.05.22"]

1. e4 e6 2. d4 d5 3. Nc3 Nf6 4. Bg5 Bb4 5. e5 h6 6. Bd2 Bxc3 7. bxc3 Ne4 8. Bd3
Nxd2 9. Qxd2 c5 10. f4 c4 11. Be2 b5 12. Nh3 Nc6 13. O-O a5 14. Nf2 b4 15. Nd1
Qb6 16. Rb1 Bd7 17. Ne3 bxc3 18. Rxb6 cxd2 19. c3 Na7 20. Rfb1 O-O 21. f5 Nb5
22. R1xb5 Bxb5 23. Rxb5 Rfb8 24. Rxb8+ Rxb8 25. fxe6 fxe6 26. Kf2 Rb2 27. a4
Ra2 28. Bd1 Ra3 29. Ke2 Rxc3 30. Bc2 d1=Q+ 31. Bxd1 Rd3 32. Nc2 Rb3 33. Kd2
Rd3+ 34. Ke2 Rb3 35. Ne1 Rb4 36. Kd2 Kf7 37. Bc2 g6 38. Kc3 Kg7 39. Nf3 Rb7 40.
Kd2 Rf7 41. Ke2 g5 42. h3 Rf4 43. g3 Rf7 44. Nh2 h5 45. Nf3 g4 46. hxg4 hxg4
47. Ng5 Re7 48. Ke3 Kh6 49. Kf4 Re8 50. Nh7 Rb8 51. Nf6 Rb2 52. Nxg4+ Kg7 53.
Ne3 c3 54. g4 Rb4 55. Kg5 Rxd4 56. Nf1 Rb4 57. Ng3 Rb2 58. Nh5+ Kf8 59. Bd3 c2
60. Bxc2 Rxc2 61. Kf6 d4 62. Nf4 Rf2 63. Kg5 Kf7 64. Nd3 Rf3 65. Ne1 Re3 66.
Nc2 Rxe5+ 67. Kf4 Rd5 68. Ke4 d3 69. Ne3 d2 70. Nd1 Kg6 71. Ke3 Kg5 0-1

[Event "ODEM U25 2010"]
[Site "Oberhof GER"]
[Date "2010.05.23"]
[Round "2"]
[White "Baier, Christoph"]
[Black "Zentgraf, Robert"]
[Result "0-1"]
[Termination "normal"]
[Board "5"]
[WhiteElo "1841"]
[BlackElo "2107"]
[PlyCount "60"]
[WhiteFideId "24655759"]
[BlackFideId "4676483"]
[EventCountry "GER"]
[EventRounds "9"]
[EventType "swiss"]
[EventDate "2010.05.22"]

1. d4 Nf6 2. Nf3 e6 3. c4 Bb4+ 4. Nc3 c5 5. e3 O-O 6. Bd3 Nc6 7. O-O Bxc3 8.
bxc3 d6 9. Qc2 Qc7 10. a4 b6 11. Ba3 e5 12. dxc5 dxc5 13. Rfd1 h6 14. Nd2 Ba6
15. Nb3 Rfe8 16. a5 e4 17. Be2 Ne5 18. axb6 axb6 19. Nd2 Bb7 20. h3 Bc6 21.
Rdb1 Ba4 22. Qb2 Ra6 23. Ra2 Rea8 24. Rba1 Bc6 25. Nb3 Nh7 26. Nc1 Ng5 27. Qc2
Qd7 28. Qd1 Qxd1+ 29. Bxd1 Nxc4 30. Be2 Bd5 0-1

[Event "ODEM U25 2010"]
[Site "Oberhof GER"]
[Date "2010.05.23"]
[Round "2"]
[White "Seidler, Lukas"]
[Black "Eigemann, Julian"]
[Result "1-0"]
[Termination "normal"]
[Board "6"]
[WhiteElo "2089"]
[BlackElo "1841"]
[PlyCount "61"]
[WhiteFideId "12900095"]
[BlackFideId "24666599"]
[EventCountry "GER"]
[EventRounds "9"]
[EventType "swiss"]
[EventDate "2010.05.22"]

1. e4 c5 2. Nf3 d6 3. d4 cxd4 4. Nxd4 Nf6 5. Nc3 a6 6. Be3 e6 7. f3 Be7 8. Qd2
b5 9. O-O-O Bb7 10. g4 Nfd7 11. g5 Nb6 12. h4 N8d7 13. h5 Ne5 14. b3 b4 15. Nb1
d5 16. f4 Ned7 17. Bh3 Nc5 18. g6 Qc8 19. gxf7+ Kxf7 20. e5 g6 21. Rdg1 a5 22.
Qg2 Rg8 23. hxg6+ hxg6 24. Bg4 Rg7 25. f5 a4 26. fxe6+ Kg8 27. Qh2 Kf8 28. Qh8+
Rg8 29. Rf1+ Ke8 30. Qxg8+ Bf8 31. Qxf8# 1-0

[Event "ODEM U25 2010"]
[Site "Oberhof GER"]
[Date "2010.05.23"]
[Round "2"]
[White "Künstler, Christian"]
[Black "Schneider, Johannes"]
[Result "1/2-1/2"]
[Termination "normal"]
[Board "8"]
[WhiteElo "2005"]
[BlackElo "1801"]
[PlyCount "149"]
[WhiteFideId "24602361"]
[BlackFideId "24687260"]
[EventCountry "GER"]
[EventRounds "9"]
[EventType "swiss"]
[EventDate "2010.05.22"]

1. e4 c5 2. Nf3 d6 3. d4 cxd4 4. Nxd4 Nf6 5. f3 a6 6. c4 b6 7. Be3 Bb7 8. Nc3
e6 9. Be2 Nbd7 10. O-O Rc8 11. Qd2 Ne5 12. b3 d5 13. exd5 exd5 14. Nxd5 Nxd5
15. cxd5 Qxd5 16. Rad1 Bc5 17. b4 Be7 18. Rfe1 O-O 19. Nf5 Qd8 20. Qb2 Qc7 21.
Nxe7+ Qxe7 22. Bxb6 Qg5 23. Kh1 Ng6 24. Bf2 Nf4 25. Bg3 Nxe2 26. Rxe2 h6 27.
Re5 Qf6 28. Qe2 Rc3 29. Re3 Rxe3 30. Qxe3 Qb2 31. Qd2 Qxd2 32. Rxd2 Rc8 33. h3
Rc4 34. Rd8+ Kh7 35. Rd7 Bc6 36. Rxf7 Kg8 37. Rc7 Bb5 38. Rxc4 Bxc4 39. a3 Kf7
40. Be5 g6 41. g4 Ke6 42. Bb2 Be2 43. Kg2 h5 44. Kg3 hxg4 45. fxg4 a5 46. Kf2
Bb5 47. Ke3 Kd5 48. h4 Kc4 49. bxa5 Kd5 50. Kf4 Bd3 51. Ke3 Bb1 52. Kf4 Kc6 53.
Ke5 Bc2 54. Kf6 Kb7 55. Bd4 Bd3 56. Bb6 Bc2 57. h5 gxh5 58. gxh5 Bd3 59. h6 Bc2
60. Kg7 Bd3 61. h7 Bxh7 62. Kxh7 Ka8 63. Kg7 Kb7 64. Kf7 Ka8 65. Ke7 Kb7 66.
Kd7 Ka8 67. a6 Kb8 68. Kc6 Ka8 69. a4 Kb8 70. a5 Ka8 71. Bd8 Kb8 72. Kd7 Ka8
73. Kc8 Ka7 74. Bc7 Ka8 75. Bb6 1/2-1/2

[Event "ODEM U25 2010"]
[Site "Oberhof GER"]
[Date "2010.05.23"]
[Round "2"]
[White "Höpfner, Tim"]
[Black "Feller, Florian"]
[Result "1/2-1/2"]
[Termination "normal"]
[Board "9"]
[WhiteElo "1877"]
[BlackElo "1933"]
[PlyCount "160"]
[WhiteFideId "4638310"]
[BlackFideId "4640896"]
[EventCountry "GER"]
[EventRounds "9"]
[EventType "swiss"]
[EventDate "2010.05.22"]

1. d4 Nf6 2. c4 e6 3. g3 d5 4. Nf3 Be7 5. Bg2 O-O 6. O-O b6 7. Qc2 Bb7 8. Nbd2
Nbd7 9. Rd1 c5 10. cxd5 Nxd5 11. Nb3 cxd4 12. Nfxd4 Rc8 13. Qd3 Nb4 14. Qd2
Bxg2 15. Kxg2 Nf6 16. f3 Qd7 17. a3 Na6 18. e4 Rfd8 19. Qe2 Qa4 20. Be3 Nd7 21.
f4 Nac5 22. Nxc5 Nxc5 23. Bf2 Bf6 24. e5 Be7 25. b4 Nb3 26. Nxb3 Qxb3 27. Rxd8+
Rxd8 28. Qf3 Qb2 29. Re1 Rd5 30. Re2 Qb1 31. Re1 Qc2 32. Re2 Qc6 33. Re3 a5 34.
Rc3 Qd7 35. Bxb6 axb4 36. axb4 Bxb4 37. Rb3 Be7 38. Bf2 h6 39. Rb8+ Kh7 40.
Qe4+ g6 41. Rb2 Kg7 42. Rc2 Qb7 43. Rd2 Bc5 44. Rxd5 exd5 45. Qf3 Qb2 46. g4
Bxf2 47. Qxf2 Qc3 48. Qe2 d4 49. Kf2 d3 50. Qd1 Qc2+ 51. Ke1 Qxh2 52. Qxd3 Qxf4
53. Qe2 Qb4+ 54. Kf1 Qb3 55. Kf2 Qe6 56. Qe4 Qe7 57. Kg3 Qa3+ 58. Kg2 Qb3 59.
Qd4 Qe6 60. Kg3 Kh7 61. Qf4 Qe7 62. Kh3 Kg7 63. Kg3 g5 64. Qd4 Qe6 65. Kg2 Kh7
66. Kg3 Qg6 67. Qd8 h5 68. gxh5 Qxh5 69. Qd4 Qg6 70. Qe3 Qf5 71. Qd4 Kg6 72.
Qd6+ Qe6 73. Qd3+ Kh5 74. Qh7+ Qh6 75. Qxf7+ Qg6 76. e6 Kh6 77. Qf8+ Kh7 78. e7
Qd3+ 79. Kg4 Qe4+ 80. Kxg5 Qg2+ 1/2-1/2

[Event "ODEM U25 2010"]
[Site "Oberhof GER"]
[Date "2010.05.23"]
[Round "2"]
[White "Valet, Alexander"]
[Black "Arps, Jan-Philipp"]
[Result "1-0"]
[Termination "normal"]
[Board "10"]
[WhiteElo "1901"]
[BlackElo "2013"]
[PlyCount "131"]
[WhiteFideId "24682560"]
[BlackFideId "24645680"]
[EventCountry "GER"]
[EventRounds "9"]
[EventType "swiss"]
[EventDate "2010.05.22"]

1. e4 c5 2. Nc3 Nc6 3. d3 g6 4. g3 Bg7 5. Bg2 e6 6. f4 d6 7. Nf3 Nge7 8. O-O
O-O 9. Bd2 Rb8 10. Rb1 b5 11. Ne2 b4 12. c3 Ba6 13. Qc2 Na5 14. Be3 b3 15. axb3
Nxb3 16. Rfd1 Qc7 17. d4 d5 18. Nc1 c4 19. exd5 Nxd5 20. Bf2 Bb5 21. Nxb3 cxb3
22. Qd2 Nb6 23. Ne5 f6 24. Nd3 Nc4 25. Qe1 Rfe8 26. Nc5 Qd6 27. Bf1 Na5 28. Ra1
Bxf1 29. Qxf1 Nc6 30. Ra3 Bf8 31. Qc4 Qd5 32. Qxd5 exd5 33. Ra6 Rb6 34. Rxb6
axb6 35. Nd7 Re6 36. Nxb6 Nb4 37. Nd7 Nc2 38. Nc5 Rb6 39. Rd2 Na1 40. Re2 Kf7
41. Re1 Bxc5 42. dxc5 Ra6 43. Kg2 Nc2 44. Re2 Ra2 45. c6 Ra6 46. c7 Rc6 47. Bb6
Rc4 48. Kf3 Rc6 49. f5 gxf5 50. Kf4 d4 51. cxd4 Nb4 52. Kxf5 Nd5 53. Ba5 Nxc7
54. Bxc7 Rxc7 55. Re3 Rb7 56. d5 Rb5 57. Ke4 Ke7 58. Kd4+ Kd7 59. Kc4 Rb7 60.
Rxb3 Rc7+ 61. Kd4 h5 62. Rc3 Rb7 63. b3 Rb4+ 64. Kc5 Re4 65. b4 h4 66. b5 1-0

[Event "ODEM U25 2010"]
[Site "Oberhof GER"]
[Date "2010.05.23"]
[Round "2"]
[White "Twerskoi, David"]
[Black "Remy, Janina"]
[Result "0-1"]
[Termination "normal"]
[Board "11"]
[WhiteElo "1632"]
[BlackElo "1989"]
[PlyCount "66"]
[BlackFideId "24627348"]
[EventCountry "GER"]
[EventRounds "9"]
[EventType "swiss"]
[EventDate "2010.05.22"]

1. c4 g6 2. d4 Bg7 3. e4 Nc6 4. d5 Nd4 5. Nc3 c5 6. Be3 a6 7. Qd2 e5 8. Nge2 d6
9. Bxd4 exd4 10. Nd1 Nf6 11. Ng3 O-O 12. Bd3 Ng4 13. O-O Qh4 14. h3 Ne5 15. Be2
d3 16. Bxd3 Bxh3 17. Be2 Bg4 18. Re1 f5 19. exf5 gxf5 20. Nf1 f4 21. Bxg4 Nxg4
22. Re4 Be5 23. f3 Nf6 24. Re2 Bd4+ 25. Nf2 Kh8 26. Nh2 Rg8 27. Kh1 Nh5 28. Kg1
Qg3 29. Nhg4 Rxg4 30. fxg4 f3 31. Qxd4+ cxd4 32. Nh1 Qxg4 33. Rf2 Nf4 0-1

[Event "ODEM U25 2010"]
[Site "Oberhof GER"]
[Date "2010.05.23"]
[Round "2"]
[White "Huhnstock, Rico"]
[Black "Mainik, Philipp"]
[Result "1/2-1/2"]
[Termination "normal"]
[Board "12"]
[WhiteElo "1918"]
[BlackElo "1716"]
[PlyCount "84"]
[WhiteFideId "24642932"]
[BlackFideId "4638646"]
[EventCountry "GER"]
[EventRounds "9"]
[EventType "swiss"]
[EventDate "2010.05.22"]

1. e4 e6 2. d4 d5 3. Nd2 Nf6 4. e5 Nfd7 5. f4 c5 6. c3 Nc6 7. Ndf3 cxd4 8. cxd4
Be7 9. Bd3 f6 10. Ne2 O-O 11. O-O Qb6 12. Kh1 a5 13. Bb1 Rf7 14. a3 Nf8 15. Bc2
Bd7 16. Rb1 Qc7 17. Be3 b5 18. Qd3 b4 19. a4 Bc8 20. b3 Ba6 21. Qd2 Rc8 22.
Rbc1 Qb6 23. Bd3 Bd8 24. Rfd1 Rfc7 25. Ne1 Nd7 26. Bxa6 Qxa6 27. Nd3 fxe5 28.
fxe5 Ne7 29. g4 Rxc1 30. Rxc1 Rxc1+ 31. Ndxc1 Qc6 32. Nd3 Ng6 33. Ndf4 Nxf4 34.
Bxf4 Nf8 35. Qc1 Qxc1+ 36. Bxc1 g5 37. Kg2 Kg7 38. Be3 Nd7 39. Nc1 h6 40. Nd3
Bb6 41. Kg3 Kg6 42. h4 Ba7 1/2-1/2

[Event "ODEM U25 2010"]
[Site "Oberhof GER"]
[Date "2010.05.23"]
[Round "2"]
[White "Oltmanns, Bianca"]
[Black "Isakson, Alex"]
[Result "0-1"]
[Termination "normal"]
[Board "13"]
[WhiteElo "1402"]
[BlackElo "1926"]
[PlyCount "104"]
[WhiteFideId "24698008"]
[BlackFideId "24637351"]
[EventCountry "GER"]
[EventRounds "9"]
[EventType "swiss"]
[EventDate "2010.05.22"]

1. e4 c5 2. Nf3 Nc6 3. d4 cxd4 4. Nxd4 Nf6 5. Nc3 e5 6. Ndb5 d6 7. Bg5 a6 8.
Na3 b5 9. Nd5 Be7 10. Nxe7 Nxe7 11. Bd3 Bb7 12. Qe2 O-O 13. Bxf6 gxf6 14. O-O
Kh8 15. Qh5 Ng6 16. Qf3 Rg8 17. g3 Nf4 18. Kh1 Ne6 19. Rfe1 Rg6 20. c3 Ng5 21.
Qf5 Bc8 22. h4 Bxf5 23. exf5 Rh6 24. Kg2 Ne6 25. fxe6 fxe6 26. Nc2 f5 27. Ne3
Rg6 28. Kh2 e4 29. Bc2 Qf6 30. Ng2 e5 31. Re2 d5 32. Rd2 d4 33. cxd4 exd4 34.
Bb3 Qe5 35. Nf4 Rg4 36. Rf1 d3 37. Kh3 Rc8 38. Re1 Rxf4 39. gxf4 Qxf4 40. Re3
Qg4+ 41. Kh2 Qxh4+ 42. Kg2 h6 43. Rd1 Re8 44. Rh1 Qf6 45. Rg3 f4 46. Rg4 e3 47.
fxe3 fxe3 48. Re1 Qf2+ 49. Kh3 Qxe1 50. Rg3 Qh1+ 51. Kg4 e2 52. Kf4 Qe4# 0-1

[Event "ODEM U25 2010"]
[Site "Oberhof GER"]
[Date "2010.05.23"]
[Round "2"]
[White "Simon, Christopher"]
[Black "Kreyssig, Robert"]
[Result "1/2-1/2"]
[Termination "normal"]
[Board "14"]
[WhiteElo "1922"]
[BlackElo "1880"]
[PlyCount "75"]
[WhiteFideId "24618772"]
[BlackFideId "4662881"]
[EventCountry "GER"]
[EventRounds "9"]
[EventType "swiss"]
[EventDate "2010.05.22"]

1. Nf3 d5 2. g3 Nf6 3. Bg2 c6 4. d3 Bg4 5. Nbd2 Nbd7 6. O-O e5 7. e4 Bc5 8. h3
Bxf3 9. Qxf3 O-O 10. Nb3 Bb6 11. Kh2 Qc7 12. Qe2 dxe4 13. dxe4 Nc5 14. Nxc5
Bxc5 15. Bg5 Nd7 16. Rad1 f6 17. Bd2 Rad8 18. Bf3 Nb6 19. a4 Be7 20. a5 Nc8 21.
Bg4 Nd6 22. Be6+ Kh8 23. f4 Nb5 24. c3 Qd6 25. Bc4 a6 26. Be3 Qb8 27. f5 Rxd1
28. Rxd1 Rd8 29. Bb6 Rxd1 30. Qxd1 Nd6 31. Bd3 Bd8 32. Qg1 Bxb6 33. Qxb6 Qc8
34. Kg2 g6 35. g4 Kg7 36. Kf3 h5 37. Qg1 h4 38. fxg6 1/2-1/2

[Event "ODEM U25 2010"]
[Site "Oberhof GER"]
[Date "2010.05.23"]
[Round "2"]
[White "Erben, Katrin"]
[Black "Becker, Carsten"]
[Result "0-1"]
[Termination "normal"]
[Board "15"]
[WhiteElo "1044"]
[BlackElo "2007"]
[PlyCount "66"]
[WhiteFideId "24692743"]
[BlackFideId "24646822"]
[EventCountry "GER"]
[EventRounds "9"]
[EventType "swiss"]
[EventDate "2010.05.22"]

1. e4 d5 2. exd5 Qxd5 3. Nc3 Qa5 4. Nf3 Bg4 5. Be2 Nf6 6. O-O Nbd7 7. d3 e6 8.
Bg5 Bxf3 9. Bxf3 Qxg5 10. Rb1 c6 11. b4 Bd6 12. b5 Qe5 13. g3 Qxc3 14. bxc6
bxc6 15. Rb3 Qc5 16. d4 Qc4 17. Re1 O-O 18. Ree3 Nd5 19. Bxd5 cxd5 20. Rec3 Qa4
21. a3 Rab8 22. Qd3 Rxb3 23. Rxb3 Nb6 24. f4 Rc8 25. Kf2 Qc4 26. Qxc4 Rxc4 27.
c3 Ra4 28. Kf3 Rxa3 29. Rxa3 Bxa3 30. Ke3 Bb2 31. Kd3 a5 32. Kc2 Nc4 33. Kb3
Ba1 0-1

[Event "ODEM U25 2010"]
[Site "Oberhof GER"]
[Date "2010.05.23"]
[Round "2"]
[White "Carow, Annelen"]
[Black "Senf, Paul"]
[Result "1-0"]
[Termination "normal"]
[Board "16"]
[WhiteElo "1773"]
[BlackElo "1593"]
[PlyCount "79"]
[WhiteFideId "24692492"]
[BlackFideId "12900389"]
[EventCountry "GER"]
[EventRounds "9"]
[EventType "swiss"]
[EventDate "2010.05.22"]

1. d4 f5 2. Bg5 g6 3. Nc3 Bg7 4. h4 h6 5. Bf4 Nf6 6. e3 O-O 7. Nf3 d6 8. Bd3
Qe8 9. d5 e5 10. dxe6 Bxe6 11. Nd4 Bd7 12. Bc4+ Kh7 13. Qd2 Nc6 14. O-O-O a6
15. Nd5 Nxd5 16. Bxd5 Rb8 17. Bf3 Ne5 18. Be2 b5 19. Bg3 Qe7 20. h5 g5 21. f4
Nf7 22. Bd3 Qf6 23. fxg5 hxg5 24. Rdf1 Nh6 25. c3 c5 26. Nf3 Kh8 27. Be2 Rb6
28. Rd1 Nf7 29. Rhf1 b4 30. c4 a5 31. Nh2 Ne5 32. Bxe5 Qxe5 33. Nf3 Qf6 34. Bd3
a4 35. Bb1 Be6 36. h6 Bxh6 37. Qe2 Bg7 38. Rf2 a3 39. b3 Qc3+ 40. Bc2 1-0